000 00377nam a22001457a 4500
020 _a9789332584747
040 _cNUST
082 _a620.1
_bHIB
100 _aR.C Hibbeler
245 _aEngineering Mechanics Statics and Dynamics
250 _a14th Ed
260 _aIndia:
_bPearson India,
_c2018.
650 _2Engineering Mechanics Statics and Dynamics
942 _2ddc
_cBK
999 _c614536
_d614536